000 00409nam a2200181Ia 4500
003 0STCL
008 150530s9999 xx 000 0 und d
040 _aSTCL
_cSTCL
100 _aAppan, K.P.
245 _aCharithrathe Nigalkoppam Koottuka
250 _a1
260 _bDC Books; Kottayam
_c2008
300 _a0
546 _aMalayalam
942 _2ddc
_cBK
999 _c80150
_d80150
005 20220125171734.0